Bệnh tự miễn Giáo trình giảng dạy trên đại học

محفوظ في:
التفاصيل البيبلوغرافية
المؤلف الرئيسي: Huỳnh Đình Chiến
التنسيق: كتاب
اللغة:Undetermined
منشور في: Hà Nội KHKT 1997
الموضوعات:
الوسوم: إضافة وسم
لا توجد وسوم, كن أول من يضع وسما على هذه التسجيلة!
Thư viện lưu trữ: Trung tâm Học liệu Trường Đại học Cần Thơ
LEADER 00581nam a2200205Ia 4500
001 CTU_36704
008 210402s9999 xx 000 0 und d
020 |b 24.000đ 
082 |a 616.978 
082 |b Ch305 
100 |a Huỳnh Đình Chiến 
245 0 |a Bệnh tự miễn 
245 0 |b Giáo trình giảng dạy trên đại học 
245 0 |c Huỳnh Đình Chiến 
260 |a Hà Nội 
260 |b KHKT 
260 |c 1997 
650 |a autoimmune diseases 
904 |i Minh, 000530 
980 |a Trung tâm Học liệu Trường Đại học Cần Thơ